Mongolia Trivia Quiz - Statistics

General Stats
  • This quiz has been taken 43 times
  • The average score is 6 of 14
Answer Stats
Question Answer % Correct
Who was the famous ruler that was in power between 1206 and1227? Genghis Khan
97%
What country borders Mongolia to the north? Russia
97%
What is the largest desert in Mongolia? Gobi Desert
89%
What is the capital of Mongolia? Ulaanbaatar
89%
What countries borders Mongolia to the South? China
83%
What year did Mongolia become independant? 1921
37%
What is the largest mountain range in Mongolia? Altai
37%
What is Mongolia's largest export? Oil
31%
What is the largest industry in Mongolia? Mining
26%
What is the largest lake in Mongolia? Uvs Lake
23%
Who is the current leader in Mongolia? Battulga Khaltmaa
9%
Which is the longest river in Mongolia? Yenisei River
9%
Who is the richest person in Mongolia? Batbold Sukhbaatar
6%
What is the tallest mountain in Mongolia? Belukha Mountain
3%
No matching quizzes found
Score Distribution
Percent of People with Each Score
Percentile by Number Answered
Your Score History
You have not taken this quiz